00793nam a2200253 i 4500003000900000005001700009008004100026040004300067041000800110082002200118100002900140245005000169264004800219300002300267336002200290337002400312338003300336500002100369504003300390546002000423650002900443651001000472856005700482EG-GICUC20260121101733.0260118s1954 uk a|||fr|||| 001 0 eng d aEG-GiCUCbengcEG-GiCUCdEG-GiCUCerda aeng04221a341.3bPI . M1 aPirenne, Henri eAuthor.10aMohammed And Charlemagne /cBy Henri Pirenne. 1a London :bGeorge Allen & Unwin Ltd,c1954. a293 pages, c24 cm 2rda contentatext 2rda mediaaComputer 2rda carrieraOnline Resource aIncludes index.  aBibliography: pages 200-250. aText in English14aInternational law2qrmak1 2qrmak40uhttps://fll.law.cu.edu.eg/fulltext/bks/B11-06977.pdf